Online Catalogue and eLibrary

Tagore's Ideas of the new woman (Record no. 5890)

MARC details
000 -LEADER
fixed length control field 00581nam a22002057a 4500
005 - DATE AND TIME OF LATEST TRANSACTION
control field 20240611041712.0
008 - FIXED-LENGTH DATA ELEMENTS--GENERAL INFORMATION
fixed length control field 240611b |||||||| |||| 00| 0 eng d
020 ## - INTERNATIONAL STANDARD BOOK NUMBER
ISBN 9789381345160
082 ## - DDC Classification
DDC Edition Number 22
Class No. 305
Item Number - Author Mark TAG
245 ## - TITLE STATEMENT
Title Tagore's Ideas of the new woman
Remainder of title The Making and unmaking of Female Subjectivity
250 ## - EDITION STATEMENT
Edition statement 1 st
260 ## - PUBLICATION, DISTRIBUTION, ETC.
Place of publication, distribution, etc. New Delhi
Name of publisher, distributor, etc. SAGE Publications India Pvt Ltd
Date of publication, distribution, etc. 2017
300 ## - PHYSICAL DESCRIPTION
Extent (e.g. Volumes, Pages etc.) xxxvi, 276 p .,
650 ## - SUBJECT ADDED ENTRY--TOPICAL TERM
Topical term or geographic name entry element Woman
650 ## - SUBJECT ADDED ENTRY--TOPICAL TERM
Topical term or geographic name entry element Gender
650 ## - SUBJECT ADDED ENTRY--TOPICAL TERM
Topical term or geographic name entry element Social
700 ## - ADDED ENTRY--PERSONAL NAME
Personal name Chakravarthy, Chandrava
Relator term (Role) Editor
700 ## - ADDED ENTRY--PERSONAL NAME
Personal name Chaudhuri, Sneha kar
Relator term (Role) Editor
942 ## - Koha item type (Biblio)
Koha item type Books in Stacks (Lending)
Holdings
Lost status Damaged status Collection code Home library Current library Date acquired Full call number Accession Number Item type
    Lending WERC Library WERC Library 06/11/2024 305 TAG 7047 Books in Stacks (Lending)

© WERC Library